| 000 | 00560nam a2200193 a 4500 | ||
|---|---|---|---|
| 005 | 20240703063750.0 | ||
| 008 | 991125s1972 es 000 0 spa u | ||
| 035 | _aUPN01000019543 | ||
| 049 | _aCG | ||
| 050 | 4 |
_aLB3405 _bF7.38 1972 |
|
| 100 | 1 |
_aFreinet, Célestin, _d1896-1966 |
|
| 245 | 1 | 4 |
_aLas enfermedades escolares / _cC. Freinet ; tr. de Elisenda Alsina. |
| 250 | _a2a ed. | ||
| 260 |
_aBarcelona, Esp. : _bLaia, _c1972. |
||
| 300 | _a96 p. | ||
| 440 | 0 |
_aBiblioteca de la escuela moderna ; _v5 |
|
| 650 | 4 |
_aHigiene escolar _915543 |
|
| 905 | _aLibro | ||
| 999 |
_c19543 _d19543 |
||